Introducción a los productos químicos derivados del petróleo / (Record no. 148506)

MARC details
000 -LEADER
campo de control de longitud fija 00746nam a2200205 4500
001 - NÚMERO DE CONTROL
campo de control 148506
003 - IDENTIFICADOR DE NÚMERO DE CONTROL
campo de control ES-MaACL
005 - FECHA Y HORA DE LA ÚLTIMA TRANSACCIÓN
campo de control 20230906202656.0
007 - CAMPO FIJO DE DESCRIPCIÓN FÍSICA--INFORMACIÓN GENERAL
campo de control de longitud fija t|
008 - DATOS DE LONGITUD FIJA--INFORMACIÓN GENERAL
campo de control de longitud fija 070214s1963 mx r ||||1| spa d
245 00 - MENCIÓN DEL TÍTULO
Título Introducción a los productos químicos derivados del petróleo /
Mención de responsabilidad, etc. Robert Robinson [et al.] ; traducido por Oliverio Moreno Lamont ; revisado por J.A. Lanuza Escobar ; edición en inglés por H. Steiner.
260 ## - PUBLICACIÓN, DISTRIBUCIÓN, ETC.
Lugar de publicación, distribución, etc. México :
Nombre del editor, distribuidor, etc. Continental,
Fecha de publicación, distribución, etc. 1963.
300 ## - DESCRIPCIÓN FÍSICA
Extensión 291 p. :
Otras características físicas il. ;
Dimensiones 23 cm.
700 1# - ENTRADA AGREGADA--NOMBRE PERSONAL
Nombre de persona Moreno Lamont, Oliverio.
9 (RLIN) 83394
700 1# - ENTRADA AGREGADA--NOMBRE PERSONAL
Nombre de persona Lanuza Escobar, J. A.
9 (RLIN) 210578
700 1# - ENTRADA AGREGADA--NOMBRE PERSONAL
Nombre de persona Steiner, H.
9 (RLIN) 108053
700 1# - ENTRADA AGREGADA--NOMBRE PERSONAL
Nombre de persona Robinson, Robert.
9 (RLIN) 97902
852 ## - LOCALIZACIÓN
Ubicación ES-MaACL
Número de control de estantería G-9369
Sublocalización o colección R.94901
Holdings
Estatus retirado Estado de pérdida Estado de daño No para préstamo Biblioteca de origen Biblioteca actual Ubicación en estantería Fecha de adquisición Fuente de adquisición Total de préstamos Signatura topográfica completa Código de barras Visto por última vez Precio de reemplazo Tipo de ítem Koha
        Biblioteca del Ateneo de Madrid Biblioteca del Ateneo de Madrid Sala Pecera Planta 3 17/01/2008     G-9369 1154979 23/02/2023 23/02/2023 Libro impreso